Cell and organelles (Record no. 27480)

MARC details
000 -LEADER
fixed length control field 00427nam a2200169Ia 4500
082 ## - DEWEY DECIMAL CLASSIFICATION NUMBER
Classification number 576.3
Item number NOV
100 ## - MAIN ENTRY--AUTHOR NAME
Personal name HOLTZMAN, Eric
245 #0 - TITLE STATEMENT
Title Cell and organelles
250 ## - EDITION STATEMENT
Edition statement Ed.2
260 ## - PUBLICATION, DISTRIBUTION, ETC. (IMPRINT)
Place of publication New York
Name of publisher Holt Rinehart
Year of publication 1976
490 ## - SERIES STATEMENT
Series statement Modern biology series
650 ## - SUBJECT ADDED ENTRY--TOPICAL TERM
Topical Term Cell organelles
650 ## - SUBJECT ADDED ENTRY--TOPICAL TERM
Topical Term Molecular cytology
700 ## - ADDED ENTRY--PERSONAL NAME
Personal name NOVIKOFF, Alex B
942 ## - ADDED ENTRY ELEMENTS (KOHA)
Koha item type Books
Holdings
Withdrawn status Lost status Damaged status Not for loan Home library Current library Date acquired Full call number Accession Number Koha item type
        RRII Library RRII Library 16/12/2021 576.3 NOV 08100 Books